000 01276nam a2200229zu 4500
007 ta
008 230901s2020 xxk||||| |||| 00| 0 eng d
041 _aeng
110 _96334
_aCollaborative Reporting for Safer Structures UK (CROSS-UK)
245 _aFailure of RAAC planks in schools
260 _bCROSS-UK
_cApril 2020
520 _aHaving read the Standing Committee on Structural Safety (SCOSS) May 2019 Alert on Failure of RAAC Planks, a structural engineer contacted CROSS to share their experience of working on projects with reinforced autoclaved aerated concrete (RAAC) planks. In 2017, they were asked to investigate an RAAC roof which had collapsed in a school. Luckily, there was no one in the classroom at the time of the collapse. This report summarises the learning outcomes.
650 _aBUILDING DEFECTS
650 _aCONCRETE
650 _aEDUCATION BUILDINGS
650 _aREINFORCED AUTOCLAVED AERATED CONCRETE
650 _aSCHOOLS
651 _aUnited Kingdom
690 _96223
_aBuilding materials & defects
710 _96334
_aCollaborative Reporting for Safer Structures UK (CROSS-UK)
856 _uhttps://www.cross-safety.org/uk/safety-information/cross-safety-report/failure-raac-planks-schools-908?report=12756
_zAvailable from CROSS
999 _c121656
_d121656